| 000 | 00552nam a2200181Ia 4500 | ||
|---|---|---|---|
| 003 | OSt | ||
| 005 | 20230530121128.0 | ||
| 008 | 210423s1978 xx 000 0 und d | ||
| 040 | _cAL | ||
| 082 |
_a340 _223 _bGOVK |
||
| 245 | _aKarnataka tax on professions trades colleges and employement act 1976 | ||
| 260 |
_aKarnataka _bGovernment Of Karnataka _c1978 |
||
| 300 | _bPB | ||
| 650 |
_aLaw _9116682 |
||
| 650 |
_aSocial Sciences _9116683 |
||
| 906 | _a1976 ; act ; colleges ; employement ; Karnataka ; professions ; tax ; trades | ||
| 942 |
_2ddc _cBK |
||
| 999 |
_c174501 _d174501 |
||